00640nam a2200205Ia 4500003000900000008004100009020001800050040001600068080001300084100002900097245005000126260003500176300001400211650002900225650002000254650004900274942000700323999001500330952008900345IN-BaIIA211028s9999 xx 000 0 eng d a0-85226-532-8 cIIA Library a533bLON aLongmire, Conard L98019 0aElementary plasma physicscConard L. Longmire aNew DelhibWiley Easternc1971 axi, 296p. a Plasma physics 98020 a Plasmas98021 aAstronomy and astrophysics thesaurus 91143 cBK c4560d4560 00104070aBANbBANcGENd1974-10-09l0o533/ LONp5087r2021-11-05w1974-10-09yBK